00830nam a2200253Ia 4500003000400000005001700004008004100021020002100062040000700083041001200090082001800102100002500120245004500145260004500190300001700235365001300252650003000265650003500295700002700330906004400357942001200401999001900413952014400432OSt20250818183435.0210423s2011 xx 000 0 und d a978-019-807098-6 cAL aEnglish a321.02 bRANF aRangarajan C9105101 aFederalism and fiscal transfers in India aNew DelhibOxford University Pressc2011 axxii,257bHB b750cINR aPolitical Science9105102 aSystems of Governments9105103 aSrivastava D K9236287 aFederalism ; fiscal ; India ; transfers 2ddccBK c166315d166315 001040708ECOaSACPGbSACPGd2015-01-16ePrajwal book distributorsg750.00l0o321.02 RANFpPG012815r2022-08-24 00:00:00w2021-04-26yBK